LEADER 01063nam2-2200361---450- 001 990002322580203316 005 20041230164422.0 035 $a000232258 035 $aUSA01000232258 035 $a(ALEPH)000232258USA01 035 $a000232258 100 $a20041230d1978----km-y0itay0103----ba 101 0 $aita 102 $aIT 105 $a||||||||001yy 200 1 $a<> : Seconda legislatura$e1975-1977$fLelio Barbiera, Paolo Giocoli Nacci 210 $aMilano$cGiuffre$d1978 215 $a997 p.$d19 cm 461 1$1001000232252$12001$aCodice della normativa della Regione Puglia 676 $a342 702 1$aGIOCOLI NACCI,$bPaolo 702 1$aBARBIERA,$bLelio 710 01$aPUGLIA$0262798 801 0$aIT$bsalbc$gISBD 912 $a990002322580203316 951 $aCodex 104$b51655 G.$cCodex 104 959 $aBK 969 $aGIU 979 $aSIAV6$b10$c20041230$lUSA01$h1643 979 $aSIAV6$b10$c20041230$lUSA01$h1644 979 $aPATRY$b90$c20061017$lUSA01$h1718 996 $aSeconda legislatura$91069163 997 $aUNISA LEADER 02010nam 2200385 n 450 001 996390235803316 005 20200818224148.0 035 $a(CKB)4940000000100456 035 $a(EEBO)2240891336 035 $a(UnM)99833027e 035 $a(UnM)99833027 035 $a(EXLCZ)994940000000100456 100 $a19960102d1692 uy | 101 0 $aeng 135 $aurbn||||a|bb| 200 00$aLithgow's nineteen years travels through the most eminent places in the habitable world$b[electronic resource] $eContaining an exact description of the customs, laws, religion, policies, and government of emperors, kings, and princes; also of the countries and cities, trades, rivers, and commerce in all places through which he travell'd. Also an account of the tortures he suffered under the Spanish Inquisition, by racking, and other inhumane usages, for his owning the Protestant religion. Together, with his miraculous deliverance from the cruelties of the papists, which far exceeded any of the heathen countries, herein largely described 205 $aThe tenth edition. 210 $aLondon $cprinted by J. Millet, for M. Wotton at the three Daggers in Fleet-street, G. Conyers in Little-Britain, and T. Passinger at the Three Bibles and Star on London-Bridge$d1692 215 $a488, [8] p., [6] leaves of plates $cill 300 $aFrontis. = plate. 300 $aCopy stained. 300 $aReproduction of the original in the British Library. 330 $aeebo-0018 606 $aVoyages and travels$vEarly works to 1800 607 $aAsia$xDescription and travel$vEarly works to 1800 607 $aAfrica$xDescription and travel$vEarly works to 1800 615 0$aVoyages and travels 700 $aLithgow$b William$f1582-1645?$01001006 801 0$bCu-RivES 801 1$bCu-RivES 801 2$bWaOLN 906 $aBOOK 912 $a996390235803316 996 $aLithgow's nineteen years travels through the most eminent places in the habitable world$92366969 997 $aUNISA